Statistics for 100 Anti-Valentine's Day Movies

Click here to take the quiz!

General Stats

  • This quiz has been taken 21 times
  • The average score is 17 of 100

Answer Stats

YearHintAnswer% Correct
1991Pair of women have men troubles, go out on the road, have more men troubles that attracts the law and then drive off a cliff together. (Susan Sarandon)Thelma and Louise
80%
2014Woman in unhappy marriage disappears, casting suspicion on her husband for her possible murder. (Rosamund Pike)Gone Girl
73%
1980Dull writer gets the spirit in him and starts to play ax murderer in a hotel he, his wife and son are caretaking while the owners are away. (Jack Nicholas)The Shining
67%
1979Recently divorced ad-exec goes through a protracted child-custody battle. (Dustin Hoffman)Kramer vs. Kramer
60%
2017African-American boyfriend goes home with white girlfriend and is mesmerized by her family's parenting skills. (Daniel Kaluuya)Get Out
53%
2003Married woman meets celebrity in Japan and sparks fly even though they are both too honor bound to do anything about it. (Bill Murray)Lost in Translation
53%
1987Married man has a one-night stand with a woman who begins stalking him afterward and endangers his family. (Michael Douglas)Fatal Attraction
47%
1939Frankly, my dear, he doesn't give a damn. (Rhett Butler)Gone With the Wind
47%
1988Popular high school kid befriends rebellious new kid with a killer instinct. (Winona Ryder)Heathers
47%
2000Record store owner goes through a breakup and reflects upon his top 5 breakups. (John Cusack)High Fidelity
47%
2019Married couple go through a painful separation and divorce with a young son caught in the middle. (Adam Driver)Marriage Story
47%
1992Infamous leg-crossing scene in a police interrogation room. (Michael Douglas)Basic Instinct
40%
1993Biopic of Tina and Ike Turner's tumultuous relationship and eventual breakup. (Laurence Fishburne)What's Love Got to Do With It?
40%
2011Movie stunt driver meets the perfect woman, then her husband gets out of jail and things go bad. (Ryan Gosling)Drive
33%
2003Bennifer gets romantic on the silver screen in this box-office flop. (Jennifer Lopez)Gigli
33%
1995Man who decides to go to Sin City and drink himself to death, manages to attract a woman. (Elisabeth Shue)Leaving Las Vegas
33%
2019A couple travel to Sweden for a festival and find themselves at the hands of a pagan cult. (Florence Pugh)Midsommar
33%
1986Scientist has an accident and starts changing into an insect, repulsing his girlfriend. (Geena Davis)The Fly
33%
2007Girl ruins several lives by giving false testimony that her older sister's lover committed a crime. She grows to enjoy great and guilt-ridden success. (Keira Knightley)Atonement
27%
2012Celtic princess defies tradition in the highlands of Scotland. (Billy Connolly)Brave
27%
2004Two couples meet and the combination of jealousy and desire pulls them apart. (Natalie Portman)Closer
27%
1999In this modern update, pair of rich step siblings wager on the corruption of another female prep-school student. (Sarah Michelle Gellar)Cruel Intentions
27%
2011As the world is about to end from collision with another planet, two sisters find their relationship strained on the night of one of their weddings. (Kirsten Dunst)Melancholia
27%
2006Man dumps a super-hero and she uses her powers to make his life difficult. (Luke Wilson)My Super Ex-Girlfriend
27%
2020Woman gets revenge on the men who wronged her close friend. (Carey Mulligan)Promising Young Woman
27%
2019Bride's wedding night takes a sinister turn when the groom's family begins to hunt her. (Samara Weaving)Ready or Not
27%
2000Drug addiction both fuels and destroys the relationships of two couples. (Jared Leto)Requiem for a Dream
27%
1986British punk-rock relationship goes into a downward spin of drugs and death. (Chloe Webb)Sid and Nancy
27%
1983Best picture winner in which a daughter gets cancer and the mother she constantly fights with fights for her daughter. (Shirley MacLaine)Terms of Endearment
27%
2006Couple living together break-up but decide to remain living together because the rent is so expensive. (Vince Vaughn)The Break-Up
27%
1996Three divorced women team up to get revenge on the ex-husbands who left them. (Goldie Hawn)The First Wive's Club
27%
2020Man with light-deflecting technology fakes his suicide so he can taunt his widow while the world believes he is dead. (Oliver Jackson-Cohen)The Invisible Man
27%
2015In a dystopic future, man has 45 minutes to find a partner or he will be turned into an animal and cast into the wilderness. (Colin Farrell)The Lobster
27%
1941Private eye loses love in the course of solving a case involving a priceless statue. (Mary Astor)The Maltese Falcon
27%
2014Mistress discovers her boyfriend is married, talks to the wife, and the two of them discover he's cheating on both of them with another woman. They team up to get revenge on him. (Cameron Diaz)The Other Woman
27%
1989Couple in the midst of a divorce battle one another in an attempt to get the other to leave the house. (Michael Douglas)War of the Roses
27%
2012While a sophisticated octogenarian couple is living in Britain, the wife has a stroke and the relationship is severely tested. (Emmanuelle Riva)Amour
20%
2009English professor finds coping with life difficult after his boyfriend dies. (Colin Firth)A Single Man
20%
1988A scheming widow and her manipulative ex-lover make a bet about corrupting a married woman. (John Malkovich)Dangerous Liaisons
20%
2010Woman in an unhappy marriage gets a divorce and travels the world to "find herself." (Javier Bardem)Eat Pray Love
20%
1944Woman returns home to live in London with the husband she married in Italy. As her husband becomes obsessed with the house that her aunt died in, she begins to question his intentions. (Ingrid Bergman)Gaslight
20%
2008Man falls in love after executing the majority of his plan to donate all of his organs to worthy individuals upon his death. (Will Smith)Seven Pounds
20%
2003On impulse, a recently divorced literature professor and author buys a villa in Italy. (Diane Lane)Under the Tuscan Sun
20%
1966Bitter middle-aged couple vent the anger they feel for one another on work colleagues they've invited to their home for a night. (Richard Burton)Who's Afraid of Virginia Woolf?
20%
2018Four women married to criminals who died, undertake another heist to pay off the debt amassed by their husbands. (Viola Davis)Widows
20%
2010Painter woos nurse with ukelele in this story of a working class couple. (Michelle Williams)Blue Valentine
13%
2009Gynecologist fears her husband is cheating on her, so to find out, hires an escort to try and seduce him. (Amanda Seyfried)Chloe
13%
20031950s art professor suggests her female students question their traditional roles. (Julia Roberts)Mona Lisa Smile
13%
2001Rich man falls in love with woman who cons him and absconds with his money. He searches her out and finds she is doing the same thing to others. (Antonio Banderas)Original Sin
13%
2008Titanic couple return to the silver screen to portray an unhappy married couple struggling through the 1950s. (Kate Winslet)Revolutionary Road
13%
1989Married man begins affair with a rich romance novelist and his wife swears revenge. (Roseanne Barr)She-Devil
13%
2017A Union soldier unexpectedly arrives at a Virginia girls school during the Civil War and his presence leads to jealousy and betrayal. (Nicole Kidman)The Beguiled
13%
2014Musical deconstruction of a love affair and marriage over a span of 5 years. (Anna Kendrick)The Last Five Years
13%
2010In Post-WWII Germany, almost a decade after he had an affair with an older woman, man encounters her as she is defending herself in a war-crime trial. (Ralph Fiennes)The Reader
13%
2002New York couple's marriage is endangered when the wife has an adulterous affair. (Richard Gere)Unfaithful
13%
2000Aging playboy falls in love with a woman who has a terminal heart condition. (Richard Gere)Autumn in New York
7%
1990Cat-and-mouse game ensues after a rookie cop mistakenly dates a psychopath who becomes obsessed with her. (Jamie Lee Curtis)Blue Steel
7%
2002Woman who leaves an abusive relationship is tracked down by her ex, and she makes a stand after training in Krav Maga. (Jennifer Lopez)Enough
7%
1996Girl winds up in a relationship with an obsessive man who will do just about anything to stay with her, including beating himself up and blaming it on her father. (Mark Wahlberg)Fear
7%
2012Two women decide to found and run their own phone-sex line. (Justin Long)For a Good Time Call
7%
2014Comedy in which a cheating husband hires a hitman to kill his wife. (Simon Pegg)Kill Me Three Times
7%
2007As a way to deal with tragic loss, a small-town man begins dating a plastic doll and the entire town goes along with it. (Ryan Gosling)Lars and the Real Girl
7%
2005In one of National Lampoon's less comical films, college students Eve and Adam start dating in college. Adam cheats on Eve and loses her (Cameron Douglas)National Lampoon's Adam & Eve
7%
1971Disc jockey's life becomes strife-ridden after becoming romantically involved with an obsessed fan. (Clint Eastwood)Play Misty for Me
7%
1991Woman fakes her death to escape a controlling husband, but he manages to find her anyway. (Patrick Bergin)Sleeping With the Enemy
7%
2015Man makes regrettable decision to go to a dinner party hosted by his ex-wife. (Logan Marshall-Greene)The Invitation
7%
2001After relationships sour, man realizes he is living in a constructed reality and calls for tech support. (Penelope Cruz)Vanilla Sky
7%
2014Woman learns her husband is a killer in this adaptation of a Stephen King short story. (Joan Allen)A Good Marriage
0%
2010Real estate scion is suspected of murdering his wife, who has disappeared. (Kirsten Dunst)All Good Things
0%
2016World War II officer learns his wife is a spy and must decide where his greater loyalty lies. (Brad Pitt)Allied
0%
1998Wall Street speculator finds out his wife is cheating on him, then finds the man she's cheating with and makes that man kill his wife. (Michael Douglas)A Perfect Murder
0%
1984The Coen brothers' first film about a bar owner who discovers his wife is having an affair and plots to kill her. (John Getz)Blood Simple
0%
2006War veteran holes up with a lonely woman in an Oklahoma motel and pulls her into his delusion. (Michael Shannon)Bug
0%
2006Poet and artist fall deeply in love, but their love for heroin is even greater. (Abbie Cornish)Candy
0%
1958Ex-football athlete drinks away his relationship with his wife while his father is terminally ill. (Paul Newman)Cat on a Hot Tin Roof
0%
1963A screenwriter's marriage falls to pieces as his wife spends more and more time with the producer of the film on which she is working. (Jack Palance)Contempt
0%
1995Made-for-TV movie about a man who stalks his wife and son when they flee to a women's shelter. (Corbin Bernsen)Dangerous Intentions
0%
1955A school principal's wife and mistress conspire to kill him. All goes well until the body goes missing. (Simone Signoret)Diabolique
0%
1993Divorcee meets another woman, quickly remarries and then realizes he doesn't know much about her as more light is shed on her past. (Madchen Amick)Dream Lover
0%
2009During a Mediterranean vacation a couple's fidelity is tested when they meet another couple. (Birgit Minichmayr)Everyone Else
0%
2009Three women who meet in anger management class go into business together killing the exes of other women. (Amber Heard)ExTerminators
0%
2020Married man has an affair with a woman who happens to be the detective who investigates a break-in at his house. (Hilary Swank)Fatale
0%
1986Magazine writer who gave up her career for family, learns her newspaper columnist husband is cheating on her while she is pregnant. (Meryl Streep)Heartburn
0%
2013Couple get married quickly, and end up in couples counseling even more quickly and it seems a friend's prediction at the wedding might be coming true. (Rafe Spall)I Give it a Year
0%
1950A screenwriter suspected of murder is cleared by his neighbor, who begins to have doubts about the man's innocence. (Humphrey Bogart)In a Lonely Place
0%
2018Husband falls in love with a client who happens to be an employee in his wife's tea shop. (Xavier LeMaitre)Infidelity
0%
2006Group of man's exes team up to heap their revenge on him by setting him up with the new girl in town so his heart will be broken. (Ashanti)John Tucker Must Die
0%
2003Best friends play an ever-escalating game of one-upmanship dares that have negative impacts on their relationships and marriages. (Gillaume Canet)Love Me if You Dare
0%
2008Man with a plan for his life meets a free-spirited woman, falls in love and gets unceremoniously dumped. (Elisha Cuthbert)My Sassy Girl
0%
2013Singer and songwriter gets involved with her guitarist and finds out he has a checkered past that could be harmful to her. (Emily Browning)Plush
0%
1990When the woman a lawyer had an affair with turns up dead and he is assigned the murder case, he tries to cover up his involvement, and ends up casting suspicion on himself, giving an advantage to the real killer. (Bonnie Bedelia)Presumed Innocent
0%
1982California man leaves his family of four for a younger mistress and the abandoned family must learn to cope. (Albert Finney)Shoot the Moon
0%
2012Couple are madly in love with alcohol and it greatly affects their relationship. (Mary Elizabeth Winstead)Smashed
0%
2009Car magnate who has made some bad romantic and business decisions watches as his life becomes a shambles. (Michael Douglas)Solitary Man
0%
2002High school senior swimmer learns the consequences of a one-night stand can be quite harsh when the other person is obsessed. (Erika Christensen)Swimfan
0%
2016Desperate Manhattan housewife hires a recently single homeless woman to babysit, and the sitter kidnaps the child. (Allison Janney)Tallulah
0%
2008Psychological thriller in which a woman finds herself locked in a room after a car crash. A man enters and tells her that her husband has stolen millions from a crime syndicate and is a killer as well. (Melissa George)The Betrayed
0%
2008A husband suspects his wife of adultery and sets out to track down the man she got involved with. (Liam Neeson)The Other Man
0%
2019A film student in the '80s becomes involved in a toxic relationship with an untrustworthy man. (Tom Burke)The Souvenir
0%
1972A married couple struggle to deny that their marriage is not working out. (Jean Yanne)We Won't Grow Old Together
0%

Score Distribution

Percentile by Number Answered

Percent of People with Each Score

Your Score History

You have not taken this quiz